00573nam a2200193 a 4500001001300000003000900013005001700022008004100039020002300080082001900103100002000122245007000142260004000212300001000252500003500262505003700297650002500334700002000359nice12345678IN_TiNIC20260116014117.0050101s2014 newa grp 000 0 eng  a9788125053569c69500a791.43709bPRA aPrasad, Madhava aCine-Politicsb Film Stars and Political Existence in South India aNew Delhi bOrient Blackswan c2014 a210p  aincludes index and biblioraphy2 aBibliography, Filmography, Index aFilms-India-politics1 aPrasad, Madhava